[Event "OpenD"]
[Site "Caen"]
[Date "2011.08.25"]
[Round "9.5"]
[White "Rivollier, Frederic"]
[Black "Grothe, Alice"]
[Result "1/2-1/2"]
[WhiteElo "1469"]
[BlackElo "1300"]
[PlyCount "99"]

1. d4 Nf6 2. c4 g6 3. Nc3 Bg7 4. e3 O-O 5. Bd3 d6 6. Nf3 Bg4 7. h3 Bxf3 8. Qxf3
Nbd7 9. Qxb7 e5 10. dxe5 Nxe5 11. Be2 Qd7 12. Qb3 Rab8 13. Qc2 Qc6 14. O-O Nxc4
15. Bxc4 Qxc4 16. Qa4 Qc5 17. Qd4 Nd7 18. Qxc5 Nxc5 19. Nd1 Nd3 20. Rb1 Nxc1
21. Rxc1 Bxb2 22. Nxb2 Rxb2 23. Rxc7 Rxa2 24. Rd7 a5 25. Rxd6 Ra8 26. Rdd1 a4
27. Ra1 Rxa1 28. Rxa1 a3 29. Ra2 Kf8 30. Kf1 Ke7 31. Ke1 Kd6 32. Kd1 Kc5 33.
Kc1 Kb4 34. Kb1 Kb3 35. Rd2 Rc8 36. f3 Rb8 37. Ka1 Kc3 38. Rd7 Rb2 39. Rxf7
Rxg2 40. Rxh7 Kb3 41. Rb7+ Kc3 42. e4 Rh2 43. e5 Rxh3 44. f4 Rf3 45. Rf7 Kb3
46. Rb7+ Kc3 47. Rb6 Rxf4 48. Rxg6 Re4 49. e6 Kd4 50. Ka2 1/2-1/2

[Event "OpenD"]
[Site "Caen"]
[Date "2011.08.25"]
[Round "9.6"]
[White "Mohr, Stephane"]
[Black "Barde, Quentin"]
[Result "0-1"]
[WhiteElo "1440"]
[BlackElo "1500"]
[PlyCount "26"]
[EventDate "2011.??.??"]

1. e4 e6 2. d4 d5 3. Nd2 c5 4. c3 Nc6 5. Ngf3 Qb6 6. Bd3 cxd4 7. Nxd4 Nxd4 8.
Qa4+ Nc6 9. exd5 exd5 10. O-O Bc5 11. Qh4 Nge7 12. Nb3 Bd6 13. Be3 Qc7 {0-1 en
36 coups} 0-1

[Event "OpenD"]
[Site "Caen"]
[Date "2011.08.25"]
[Round "9.7"]
[White "Buyukyalcin-Moussa, Kadir"]
[Black "Apap, Titouan"]
[Result "1-0"]
[WhiteElo "1490"]
[BlackElo "1387"]
[PlyCount "63"]

1. e4 c5 2. Nf3 d6 3. d4 cxd4 4. Nxd4 Nf6 5. Nc3 a6 6. Be2 e6 7. O-O Be7 8. Be3
Bd7 9. Kh1 b5 10. a3 Nc6 11. f4 e5 12. fxe5 dxe5 13. Nf5 Bxf5 14. Rxf5 Qc8 15.
Bg4 Nxg4 16. Qxg4 g6 17. Raf1 gxf5 18. Rxf5 Qe6 19. Nd5 Kd8 20. Bb6+ Kd7 21.
Nc7 Qg6 22. Qd1+ Qd6 23. Qg4 Rag8 24. Rg5+ Qe6 25. Nxe6 Rxg5 26. Nxg5+ Ke8 27.
Qc8+ Nd8 28. Bxd8 Bxd8 29. Qc6+ Kf8 30. Qh6+ Ke7 31. Qg7 Kd7 32. g3 1-0

[Event "OpenD"]
[Site "Caen"]
[Date "2011.08.25"]
[Round "9.8"]
[White "Lagel, Nicolas"]
[Black "Frederic, Christine"]
[Result "1-0"]
[WhiteElo "1428"]
[BlackElo "1492"]
[PlyCount "79"]

1. e4 c5 2. d4 cxd4 3. c3 Nf6 4. e5 Nd5 5. cxd4 e6 6. Nf3 Nc6 7. Bc4 Nb6 8. Bb3
Be7 9. O-O O-O 10. Nc3 d6 11. Qe2 Qc7 12. Nb5 Qb8 13. Bf4 d5 14. Bc2 Bd7 15.
Nd6 Nc8 16. Nxc8 Qxc8 17. Rac1 Qb8 18. Bg3 a6 19. Rfd1 Nb4 20. Bb1 Bb5 21. Qe3
a5 22. a3 Nc6 23. Ne1 Qd8 24. f4 a4 25. f5 Bg5 26. Bf4 Bxf4 27. Qxf4 exf5 28.
Bxf5 g6 29. Bb1 Ne7 30. Nf3 Bd7 31. Qh6 f6 32. exf6 Rf7 33. fxe7 Qxe7 34. Ne5
Rg7 35. Nxd7 Qxd7 36. Ba2 b6 37. Qg5 Rd8 38. Re1 Rf7 39. Re5 Kg7 40. Rxd5 1-0

[Event "OpenD"]
[Site "Caen"]
[Date "2011.08.25"]
[Round "9.9"]
[White "Dulauroy, Philippe"]
[Black "Mills, Simon"]
[Result "0-1"]
[WhiteElo "1413"]
[BlackElo "1490"]
[PlyCount "93"]

1. e4 d6 2. Bc4 Nf6 3. d3 e5 4. Nc3 c6 5. Bg5 Nbd7 6. Nge2 b5 7. Bb3 a5 8. a3
Be7 9. Ng3 Nc5 10. Ba2 O-O 11. Nf5 Ne6 12. Bh4 Nf4 13. Qf3 Be6 14. Ne2 Bxf5 15.
exf5 Nxe2 16. Qxe2 Nd5 17. Bxe7 Qxe7 18. O-O Nf4 19. Qf3 Rfc8 20. Rae1 Qg5 21.
c3 Qxf5 22. Bb1 Qh5 23. Qe3 Qg4 24. Qg3 Ne2+ 25. Rxe2 Qxe2 26. Qh3 Rc7 27. d4
g6 28. dxe5 dxe5 29. Qg3 Rd7 30. Qf3 Qxf3 31. gxf3 Rad8 32. Kg2 Rd1 33. Bc2
Rxf1 34. Kxf1 Rd2 35. Be4 c5 36. b4 cxb4 37. axb4 axb4 38. cxb4 Rb2 39. Kg2
Rxb4 40. Kg3 Rxe4 41. fxe4 b4 42. Kg4 b3 43. Kg5 Kg7 44. f4 exf4 45. Kxf4 b2
46. h4 b1=Q 47. Ke5 0-1

[Event "OpenD"]
[Site "Caen"]
[Date "2011.08.25"]
[Round "9.10"]
[White "Maietti, Tom"]
[Black "Sergant, Jean-Paul"]
[Result "0-1"]
[WhiteElo "1410"]
[BlackElo "1470"]
[PlyCount "90"]

1. e4 e5 2. d4 d5 3. dxe5 Be6 4. exd5 Bxd5 5. Nc3 Ne7 6. Nxd5 Nxd5 7. Bc4 c6 8.
Nf3 Be7 9. O-O Na6 10. Bxd5 cxd5 11. Re1 Rc8 12. Bf4 Nc7 13. c3 Ne6 14. Bg3 h6
15. Qb3 Nc5 16. Qb5+ Rc6 17. Rad1 O-O 18. b4 a6 19. Qe2 Ne4 20. Qb2 Rxc3 21.
Rxe4 Qc7 22. Ree1 Qc4 23. Rc1 Bxb4 24. Rxc3 Bxc3 25. Qxb7 Bxe1 26. Nxe1 Qxa2
27. f3 Qc4 28. f4 d4 29. Qe4 Rd8 30. Bf2 a5 31. Nf3 Qc1+ 32. Ne1 d3 33. Bb6 d2
34. Bxa5 Qc5+ 35. Kf1 Qxa5 36. Nf3 d1=Q+ 37. Kf2 Re8 38. Kg3 Qa3 39. h3 Qf1 40.
Qc6 Re6 41. Qc8+ Kh7 42. Qc2+ Rg6+ 43. Kh4 Qxg2 44. Ng1 Qag3+ 45. Kh5 Qg4+ 0-1